Diamante de sangre
Historia sobre el tráfico ilegal de diamantes. En 1999, Sierra Leona vive una terrible guerra civil. Un contrabandista (DiCaprio) especializado en la venta de piedras preciosas, cuyos beneficios sirven para financiar tanto a los rebeldes como al gobierno, conoce a un pescador nativo (Djimon Hounsou)...
Guardado en:
| Autor Principal: | |
|---|---|
| Autor Corporativo: | |
| Otros Autores: | , , |
| Formato: | |
| Idioma: | Undetermined |
| Publicado: |
Estados Unidos :
Warner Bros. Pictures,
2006.
|
| Materias: | |
| Etiquetas: |
Agregar Etiqueta
Sin Etiquetas, Sea el primero en etiquetar este registro!
|
| LEADER | 01275ngm a22002415a 4500 | ||
|---|---|---|---|
| 001 | CEM.cems021095 | ||
| 008 | 240425s2006####xx#---############vlund#d | ||
| 005 | 20240425173705.0 | ||
| 245 | 1 | 0 | |a Diamante de sangre |h [videograbación] / |c Edward Zwick. |
| 260 | |a Estados Unidos : |b Warner Bros. Pictures, |c 2006. | ||
| 300 | |a 143'. | ||
| 538 | |a Soporte: DVD - Formato: MP4 - Peso: 1.90gb - Resolución: 1920 x 800 - 23.98fps | ||
| 500 | |a Título original: Blood Diamond - Idioma original: Inglés - Subtítulos: Español. | ||
| 590 | |a Identificación anterior: 105 | ||
| 520 | |a Historia sobre el tráfico ilegal de diamantes. En 1999, Sierra Leona vive una terrible guerra civil. Un contrabandista (DiCaprio) especializado en la venta de piedras preciosas, cuyos beneficios sirven para financiar tanto a los rebeldes como al gobierno, conoce a un pescador nativo (Djimon Hounsou) que enterró un enorme diamante cuando trabajaba como esclavo para los rebeldes. | ||
| 100 | 1 | |a Zwick, Edward. | |
| 700 | 1 | |a Hounsou, Djimon; Reparto. | |
| 700 | 1 | |a DiCaprio, Leonardo; Reparto. | |
| 700 | 1 | |a Connelly, Jennifer; Jennifer. | |
| 710 | 2 | |a Warner Bros. | |
| 653 | |a LARGOMETRAJE | ||
| 653 | |a FICCIÓN | ||
| 859 | |a CEMS |b BIB. CEMS - Depto. Recursos Didacticos |h 778.5 |i ZWI-1 |k DRD |p 3379.24 |t Ej.1 | ||
